01234cam a22003014i 4500999001500000001001900015003000400034005001700038008004100055020001800096040001400114100002500128245015900153264007200312300007400384490002000458500001200478500012900490610002000619650001500639650003000654650003000684650003600714650003600750830002000786942001300806952011300819 c8027d8027991061120159806706OSt20250618105525.0240514s2024 sp ad 001 0 spa|c a9788441549104 cCDMRbcat1 aEves, Derral,eautor10aYoutube :bla fórmula mágica : cómo usar el algoritmo para aumentar las visualizaciones, crear una audiencia y generar más ingresos /cDerral Eves 1aMadrid :bEdiciones Anaya Multimedia (Grupo Anaya, S.A.U.),c[2024] a293 pàgines :bil·lustracions en blanc i negre, gràfics ;c23 cm1 aSocial Business aÍndex aTraducció de: The Youtube formula. How anyone can unlock the algorithm to drive views, build an audience, and grow revenue27aYouTube (Firma) 7aAlgorismes 7aMàrqueting per Internet 7aInfluenciadors (Internet) 0aComunicació audiovisual92084 0aXarxes socials en línia93128 0aSocial business 2udccMON 00104070aCDMRbCDMRd2025-06-18eDonacióg24.65l0oFa 12/11pCDMR25061259r2025-06-18w2025-06-18yMON